12 千葉県の市町村 人口順 - Statistics

General Stats
  • This quiz has been taken 4 times
  • The average score is 48 of 54
Answer Stats
順位 人口 市町村 % Correct
1 987,361 千葉市
100%
2 651,220 船橋市
100%
3 502,554 市川市
100%
4 501,080 松戸市
100%
5 438,039 柏市
100%
6 261,143 市原市
100%
7 215,044 流山市
100%
8 205,995 八千代市
100%
9 175,965 習志野市
100%
10 172,949 浦安市
100%
11 163,529 佐倉市
100%
12 151,531 野田市
100%
13 136,881 木更津市
100%
14 134,316 成田市
100%
15 130,390 我孫子市
100%
16 110,079 鎌ケ谷市
100%
17 109,254 印西市
100%
19 83,652 茂原市
100%
20 77,932 君津市
100%
24 60,994 白井市
100%
25 60,125 旭市
100%
27 52,235 銚子市
100%
28 49,611 富里市
100%
29 46,418 大網白里市
100%
30 45,328 山武市
100%
33 32,602 いすみ市
100%
35 32,155 匝瑳市
100%
42 12,896 長生村
100%
47 7,907 大多喜町
100%
18 94,915 四街道市
75%
21 66,646 香取市
75%
22 65,256 八街市
75%
23 65,035 袖ケ浦市
75%
26 56,658 東金市
75%
31 42,201 館山市
75%
32 38,701 富津市
75%
34 32,166 南房総市
75%
36 29,540 鴨川市
75%
37 20,575 横芝光町
75%
38 20,120 酒々井町
75%
39 19,269 栄町
75%
40 14,903 勝浦市
75%
41 12,978 九十九里町
75%
43 12,508 多古町
75%
44 11,955 東庄町
75%
45 11,878 一宮町
75%
46 9,580 白子町
75%
48 6,478 芝山町
75%
49 6,381 長南町
75%
50 6,322 御宿町
75%
51 6,282 睦沢町
75%
52 6,089 鋸南町
75%
53 6,070 長柄町
75%
54 5,497 神崎町
50%
No matching quizzes found
Score Distribution
Percent of People with Each Score
Percentile by Number Answered
Your Score History
You have not taken this quiz